[Event "Botvinnik 100th Open"]
[Site "St Petersburg RUS"]
[Date "2011.08.17"]
[Round "6"]
[White "Atlas, Eduard"]
[Black "Lanin, Alexsej"]
[Result "0-1"]
[BlackTitle "IM"]
[WhiteElo "2069"]
[BlackElo "2423"]
[WhiteFideId "24111767"]
[BlackFideId "4154959"]
[EventDate "2011.08.12"]

1. e4 c5 2. c3 Nf6 3. e5 Nd5 4. d4 cxd4 5. cxd4 b6 6. Nc3 Bb7 7. Nf3 e6 8. Bd3
Be7 9. O-O d6 10. Qe2 Nd7 11. Nxd5 Bxd5 12. Bf4 dxe5 13. dxe5 O-O 14. Rfd1 Qb8
15. Be4 Bxe4 16. Qxe4 Nc5 17. Qe2 Qb7 18. Bg5 Bxg5 19. Nxg5 h6 20. Nf3 Rfd8 21.
Rac1 Rd5 22. b4 Na4 23. Qc2 Rxd1+ 24. Rxd1 b5 25. Rc1 Rd8 26. Kf1 Qd5 27. Ke2 a6
28. Qb3 Qe4+ 29. Kf1 Nb6 30. Qb1 Qxb1 31. Rxb1 Rd3 32. Rc1 Nd5 33. Rc8+ Kh7 34.
Rf8 Rd1+ 35. Ke2 Ra1 36. Rxf7 Rxa2+ 37. Kd1 Kg8 38. Ra7 Rxf2 39. Rxa6 Kf7 40.
Ra7+ Kg6 41. Nd4 Rxg2 42. Nxe6 Kf5 43. Nxg7+ Kxe5 44. Ne8 Rxh2 45. Rb7 Nc3+ 46.
Ke1 Kd4 47. Nd6 Rh5 48. Rd7 Ke3 49. Re7+ Kd4 50. Kf2 Rd5 51. Re6 h5 52. Kg3 Ne2+
53. Kf2 Nf4 54. Re4+ Kd3 55. Re3+ Kc2 56. Ne4 Nd3+ 57. Ke2 Nxb4 58. Nc3 Rd2+ 59.
Kf3 Nd5 60. Nxb5 Nxe3 61. Kxe3 h4 62. Na3+ Kc1 63. Nc4 h3 64. Nxd2 h2 0-1

[Event "Botvinnik 100th Open"]
[Site "St Petersburg RUS"]
[Date "2011.08.17"]
[Round "6"]
[White "Kurilov, Viktor"]
[Black "Nedostup, Daniil"]
[Result "1/2-1/2"]
[WhiteElo "2312"]
[BlackElo "2033"]
[WhiteFideId "4157303"]
[BlackFideId "24121576"]
[EventDate "2011.08.12"]

1. Nf3 e6 2. g3 f5 3. Bg2 Nf6 4. O-O d5 5. d3 Bd6 6. Nc3 O-O 7. e4 dxe4 8. dxe4
fxe4 9. Ng5 Nc6 10. Ncxe4 Be7 11. c3 Qxd1 12. Rxd1 e5 13. Nxf6+ gxf6 14. Bd5+
Kg7 15. Ne6+ Bxe6 16. Bxe6 Rad8 17. Be3 f5 18. f4 e4 19. Kf2 h5 20. Ke2 Kf6 21.
Bd5 a6 22. a4 a5 23. Rd2 Bd6 24. h3 Ke7 25. Rg1 Rh8 26. Rg2 Rdf8 27. Rg1 Nd8 28.
Rgd1 b6 29. Bc4 Rh6 30. Bb5 Rg8 31. Kf2 h4 32. Rg1 Rhg6 33. g4 fxg4 34. hxg4
Rxg4 35. Rxg4 Rxg4 36. Be2 Rg8 37. Rd4 h3 38. Rxe4+ Kf6 39. Bf3 Ne6 40. b4 Kf5
41. Rc4 Nxf4 42. Bxf4 Bxf4 43. bxa5 bxa5 44. Rc5+ Be5 45. Rxa5 h2 46. Bg2 Rh8
47. Bh1 Rg8 48. Bg2 1/2-1/2

[Event "Botvinnik 100th Open"]
[Site "St Petersburg RUS"]
[Date "2011.08.17"]
[Round "6"]
[White "Kopasov, Evgeny"]
[Black "Gopkin, Nikolaj"]
[Result "1/2-1/2"]
[WhiteElo "2064"]
[BlackElo "2221"]
[WhiteFideId "4181239"]
[BlackFideId "4134869"]
[EventDate "2011.08.12"]

1. d4 Nf6 2. c4 g6 3. Nc3 Bg7 4. e4 d6 5. Be2 O-O 6. Bg5 Nbd7 7. Qd2 e5 8. d5
Nc5 9. b4 Ncd7 10. Rc1 a5 11. a3 Re8 12. Nf3 Qe7 13. O-O Nb8 14. c5 axb4 15.
axb4 dxc5 16. bxc5 Qf8 17. Bxf6 Bxf6 18. d6 c6 19. Ra1 Rxa1 20. Rxa1 Bg7 21. Bc4
Nd7 22. Ra5 Bh6 23. Qa2 Kg7 24. h4 f6 25. Be6 Rd8 26. Qc4 Kh8 27. Bxd7 Bxd7 28.
Ra7 Bc8 29. Na4 Qe8 30. Qb4 b5 31. cxb6 Bf8 32. b7 Bg4 33. Ra8 Rxa8 34. bxa8=Q
Qxa8 35. Nb6 Qb8 36. Nd2 Bxd6 37. Qa5 Bc7 38. Ndc4 Be6 39. Qc5 Bxc4 40. Nxc4 Qe8
41. g3 Kg7 42. Kg2 Bd8 43. Qa7+ Qf7 44. Qc5 Qd7 45. Qb4 Be7 46. Qb6 h5 47. Kg1
Kf7 48. Kg2 Qe6 49. Qb3 f5 50. Nxe5+ Kf6 1/2-1/2

[Event "Botvinnik 100th Open"]
[Site "St Petersburg RUS"]
[Date "2011.08.17"]
[Round "6"]
[White "Androsov, Sergey"]
[Black "Shirokov, Alexander"]
[Result "1/2-1/2"]
[WhiteElo "2090"]
[BlackElo "1888"]
[WhiteFideId "4102681"]
[BlackFideId "24178071"]
[EventDate "2011.08.12"]

1. e4 c6 2. Nc3 d5 3. Nf3 Bg4 4. h3 Bxf3 5. Qxf3 e6 6. d4 Nf6 7. Bd3 dxe4 8.
Nxe4 Qxd4 9. Be3 Qe5 10. O-O Nxe4 11. Bxe4 Bd6 12. g3 Qf6 13. Qe2 h6 14. Rad1
Bc7 15. Bd4 e5 16. f4 O-O 17. fxe5 Qg5 18. Kg2 Nd7 19. Rf4 f5 20. Bd3 Rae8 21.
Rdf1 Bxe5 22. Bxe5 Rxe5 23. Qf2 g6 24. Qxa7 Nc5 25. Qa3 Qe7 26. Rd4 Re3 27. Rf3
Rxf3 28. Kxf3 Re8 29. Qc3 Qe3+ 30. Kg2 Nxd3 31. Qxd3 Qxd3 32. Rxd3 Re2+ 33. Kf3
Rxc2 34. Rd8+ Kf7 35. Rd7+ Kf6 36. Rxb7 g5 37. a4 h5 38. g4 fxg4+ 39. hxg4 h4
40. a5 h3 41. a6 h2 42. Rh7 Rxb2 43. a7 Ra2 44. Rxh2 Rxa7 1/2-1/2

[Event "Botvinnik 100th Open"]
[Site "St Petersburg RUS"]
[Date "2011.08.17"]
[Round "6"]
[White "Chuprova, Irina"]
[Black "Azimova, Karina"]
[Result "1-0"]
[WhiteElo "1866"]
[BlackElo "2087"]
[WhiteFideId "24138584"]
[BlackFideId "4108310"]
[EventDate "2011.08.12"]

1. e4 e5 2. Nf3 d6 3. d4 exd4 4. Qxd4 a6 5. Bf4 Nc6 6. Qe3 Nf6 7. h3 Nb4 8. Qe2
Be6 9. Nc3 c5 10. a3 Nc6 11. O-O-O b5 12. Bxd6 Bxd6 13. e5 Nxe5 14. Nxe5 Qc7 15.
Ng4 Nd7 16. g3 h5 17. Bg2 Rd8 18. Bd5 Nf8 19. Ne3 b4 20. Nb1 a5 21. Nf5 Rh7 22.
Bxe6 Nxe6 23. Qb5+ Kf8 24. Nxd6 Nd4 25. Qc4 Qxd6 26. c3 Qh6+ 27. f4 Qc6 28. cxd4
Rxd4 29. Rxd4 Qxh1+ 30. Rd1 1-0

[Event "Botvinnik 100th Open"]
[Site "St Petersburg RUS"]
[Date "2011.08.17"]
[Round "6"]
[White "Stetsko, Lanita"]
[Black "Safronov, Kirill"]
[Result "1-0"]
[WhiteTitle "FM"]
[WhiteElo "2135"]
[BlackElo "1942"]
[WhiteFideId "13505300"]
[BlackFideId "24141976"]
[EventDate "2011.08.12"]

1. e4 e6 2. d4 d5 3. e5 c5 4. c3 Nc6 5. Nf3 Qb6 6. a3 Nh6 7. b4 cxd4 8. cxd4 Nf5
9. Be3 Be7 10. Bd3 Nxe3 11. fxe3 Bd7 12. O-O O-O 13. Nc3 f6 14. Na4 Qd8 15. exf6
Bxf6 16. Nc5 b6 17. Nxd7 Qxd7 18. Qc2 g6 19. Bb5 Rac8 20. Rac1 Qd6 21. Bxc6 Rf7
22. b5 Qxa3 23. Qc3 1-0

[Event "Botvinnik 100th Open"]
[Site "St Petersburg RUS"]
[Date "2011.08.17"]
[Round "6"]
[White "Irinchinov, Vladimir"]
[Black "Tarasova, Viktoriya"]
[Result "0-1"]
[BlackTitle "WIM"]
[WhiteElo "2067"]
[BlackElo "2290"]
[WhiteFideId "24116165"]
[BlackFideId "4175840"]
[EventDate "2011.08.12"]

1. e4 e5 2. Nf3 Nc6 3. Bc4 Bc5 4. d3 Nf6 5. O-O d6 6. Bg5 h6 7. Be3 Bxe3 8. fxe3
Na5 9. Nc3 Nxc4 10. dxc4 O-O 11. Qd3 Nd7 12. Qd2 a5 13. Rad1 b6 14. g3 Nc5 15.
Qg2 Bd7 16. h3 Kh7 17. Kh2 Rb8 18. b3 Qc8 19. Nh4 b5 20. cxb5 Bxb5 21. Nxb5 Rxb5
22. g4 f6 23. Nf5 Qb7 24. Rd5 g6 25. Ng3 Qc8 26. Rd2 Qe6 27. Qf3 Nd7 28. Rd5 Rc5
29. c4 a4 30. h4 axb3 31. axb3 Rc6 32. Rb5 Ra8 33. Rf2 Rca6 34. Rb7 R6a7 35.
Rxa7 Rxa7 36. g5 hxg5 37. h5 g4 38. hxg6+ Kxg6 39. Qd1 Ra8 40. Nf5 Rh8+ 41. Kg1
Rh5 42. Rg2 Rg5 43. Rxg4 Qf7 44. Kf2 Nc5 45. Qh1 Qf8 46. Ng3 Kf7 47. Rxg5 fxg5
48. Ke2 Qg8 49. Nf5 Qg6 50. Qh8 Nxe4 51. Nh6+ Ke7 52. Ng4 Qf7 53. Qh6 Kd7 0-1

[Event "Botvinnik 100th Open"]
[Site "St Petersburg RUS"]
[Date "2011.08.17"]
[Round "6"]
[White "Latonin, Mikhail"]
[Black "Tantsiura, Marja"]
[Result "0-1"]
[WhiteElo "1968"]
[BlackElo "2138"]
[WhiteFideId "24138550"]
[BlackFideId "14124327"]
[EventDate "2011.08.12"]

1. d4 g6 2. e4 d6 3. Nc3 Bg7 4. h3 Nf6 5. Nf3 O-O 6. Be2 Nbd7 7. O-O e5 8. dxe5
dxe5 9. Be3 c6 10. a4 a5 11. Qd6 Re8 12. Rfd1 Bf8 13. Qd2 Qc7 14. Bc4 Nc5 15.
Ng5 Be6 16. Nxe6 Nxe6 17. Qe2 Bg7 18. Rd2 Nd4 19. Qd1 Rad8 20. f3 Qb6 21. Rb1
Nh5 22. Kh1 Qb4 23. Ba2 Qe7 24. Qe1 Bf6 25. Rbd1 Bg5 26. Bxg5 Qxg5 27. Qf2 Qf4
28. Kg1 Ng3 29. Rd3 g5 30. R1d2 Rd7 31. Nd1 Red8 32. Ne3 h5 33. Bc4 Kg7 34. Ba2
g4 35. fxg4 Qxf2+ 36. Rxf2 hxg4 37. Nxg4 Nxe4 38. Rf1 f6 39. Kh2 Nxc2 40. Rxd7+
Rxd7 41. Be6 Rd6 42. Bf5 Nd2 43. Rf2 Nd4 0-1

[Event "Botvinnik 100th Open"]
[Site "St Petersburg RUS"]
[Date "2011.08.17"]
[Round "6"]
[White "Kuzmin, Egor"]
[Black "Kiselev, Pavel"]
[Result "1-0"]
[WhiteElo "2033"]
[BlackElo "2191"]
[WhiteFideId "24101737"]
[BlackFideId "4191102"]
[EventDate "2011.08.12"]

1. d4 Nf6 2. c4 g6 3. Nc3 Bg7 4. e4 d6 5. f4 O-O 6. Nf3 c5 7. d5 a6 8. Bd3 Bd7
9. O-O b5 10. e5 Ne8 11. cxb5 Qb6 12. Na4 Qa7 13. b6 Qb7 14. Be4 f5 15. Bc2 Bb5
16. Re1 Nd7 17. h4 Bc4 18. Bb3 Bxb3 19. Qxb3 Rb8 20. Ng5 Nxb6 21. Nxb6 Qxb6 22.
Qxb6 Rxb6 23. Ne6 Rf7 24. b3 Bh8 25. Bd2 Ng7 26. Nd8 Rf8 27. Nc6 Rb7 28. b4 cxb4
29. Bxb4 Nh5 30. Rad1 Rd7 31. e6 Rb7 32. Nxe7+ Rxe7 33. Bxd6 Ree8 34. Bxf8 Kxf8
35. d6 Bf6 36. e7+ Bxe7 37. dxe7+ Rxe7 38. Rxe7 Kxe7 39. Rd4 1-0

[Event "Botvinnik 100th Open"]
[Site "St Petersburg RUS"]
[Date "2011.08.17"]
[Round "6"]
[White "Nadjezhdin, Dmitry"]
[Black "Tkachev, Ivan"]
[Result "1-0"]
[WhiteTitle "IM"]
[WhiteElo "2329"]
[BlackElo "2047"]
[WhiteFideId "4126173"]
[BlackFideId "4186885"]
[EventDate "2011.08.12"]

1. d4 d5 2. Nf3 Nf6 3. c4 c6 4. Nc3 e6 5. Qd3 dxc4 6. Qxc4 b5 7. Qd3 b4 8. Ne4
Nd5 9. g3 Be7 10. Bg2 O-O 11. O-O f5 12. Nc5 a5 13. Ne5 Bxc5 14. dxc5 Qf6 15. f4
Ba6 16. Qc2 Bb5 17. Rd1 Ra7 18. e4 fxe4 19. Bxe4 g6 20. a4 Ba6 21. Qf2 Rc7 22.
Be3 Nd7 23. Bd4 Qe7 24. Re1 N7f6 25. Bc2 Nd7 26. Rad1 Rcc8 27. Nxd7 Qxd7 28. Qg2
Qf7 29. Qe4 Rce8 30. Qe5 Qf6 31. Qd6 Qf7 32. Qxc6 Bb7 33. Qd6 Nf6 34. c6 Bc8 35.
Qe5 h6 36. Qxf6 Qxf6 37. Bxf6 Rxf6 38. Re5 Ba6 39. Rxa5 Bc4 40. Be4 Kg7 41. Rd7+
Rf7 42. Raa7 Rf8 43. Kf2 Rxd7 44. Rxd7+ Rf7 45. Ke3 g5 46. Rxf7+ Kxf7 47. Kd4
Ba6 48. fxg5 hxg5 49. Ke5 Ke7 50. h4 gxh4 51. gxh4 Be2 52. Bg6 Bf3 53. c7 Kd7
54. h5 Bxh5 55. Bxh5 Kxc7 56. Kxe6 Kc6 57. b3 1-0

[Event "Botvinnik 100th Open"]
[Site "St Petersburg RUS"]
[Date "2011.08.17"]
[Round "6"]
[White "Pshenichny, Vladimir"]
[Black "Burkov, German A."]
[Result "1-0"]
[WhiteElo "2025"]
[BlackElo "2162"]
[WhiteFideId "4199138"]
[BlackFideId "24132560"]
[EventDate "2011.08.12"]

1. c4 Nf6 2. Nc3 g6 3. g3 Bg7 4. Bg2 c5 5. Nf3 Nc6 6. d4 cxd4 7. Nxd4 O-O 8. O-O
Nxd4 9. Qxd4 d6 10. Qh4 Qb6 11. Rb1 Bf5 12. e4 Be6 13. b3 Rfc8 14. Bh6 Rab8 15.
Rbc1 Qa5 16. Qg5 Qa3 17. Bxg7 Kxg7 18. e5 dxe5 19. Qxe5 a6 20. Bd5 b5 21. Bxe6
fxe6 22. Ne4 bxc4 23. bxc4 Rb6 24. Ng5 Qxa2 25. Nxe6+ Kg8 26. Ng5 Qd2 27. Rcd1
Qb4 28. Rfe1 h6 29. c5 hxg5 30. cxb6 Qxb6 31. Qxe7 Re8 32. Qa3 Ne4 33. Qe3 Qb2
34. Qd4 Qxd4 35. Rxd4 Nf6 36. Rxe8+ Nxe8 37. Rd8 Kf7 38. Ra8 g4 39. Rxa6 1-0

[Event "Botvinnik 100th Open"]
[Site "St Petersburg RUS"]
[Date "2011.08.17"]
[Round "6"]
[White "Ljubarov, Mark"]
[Black "Kharchenko, Daniil"]
[Result "1-0"]
[WhiteElo "2115"]
[BlackElo "1938"]
[WhiteFideId "4142110"]
[BlackFideId "24101664"]
[EventDate "2011.08.12"]

1. e4 e5 2. Nf3 Nc6 3. Bc4 Bc5 4. c3 Nf6 5. d4 exd4 6. e5 d5 7. Bb5 Ne4 8. cxd4
Be7 9. Nfd2 Nxd2 10. Nxd2 O-O 11. Nb3 f6 12. Bxc6 bxc6 13. exf6 Bxf6 14. O-O a5
15. Be3 Be7 16. Rc1 Ba6 17. Re1 Bc4 18. Nd2 Bb4 19. Qg4 Qf6 20. f3 h5 21. Qg5
Bxd2 22. Bxd2 Qxd4+ 23. Kh1 Qf6 24. b3 Bd3 25. Qxh5 Bg6 26. Qg4 Bf5 27. Qa4 Ra6
28. h4 Rfa8 29. Bg5 Qd6 30. Qd4 Bg6 31. Re7 Bf7 32. Rce1 c5 33. Qg4 a4 34. Rd7
Qg6 35. Ree7 Rf8 36. h5 Qb1+ 37. Kh2 axb3 38. axb3 Rd6 39. Rxc7 Qb2 40. Rxf7 1-0

[Event "Botvinnik 100th Open"]
[Site "St Petersburg RUS"]
[Date "2011.08.17"]
[Round "6"]
[White "Filippov, Anton RUS"]
[Black "Vager, Boris"]
[Result "1/2-1/2"]
[BlackTitle "FM"]
[WhiteElo "1944"]
[BlackElo "2127"]
[WhiteFideId "24104639"]
[BlackFideId "4118537"]
[EventDate "2011.08.12"]

1. d4 e6 2. c4 f5 3. g3 Nf6 4. Bg2 Be7 5. Nf3 O-O 6. O-O d6 7. Nc3 Qe8 8. Re1
Qg6 9. e4 Nxe4 10. Nxe4 fxe4 11. Rxe4 Nc6 12. Re1 Bf6 13. c5 dxc5 14. dxc5 e5
15. Qa4 Kh8 16. Bd2 Bf5 17. Nh4 Bxh4 18. Qxh4 Rae8 19. Bc3 Qf6 20. Qxf6 gxf6 21.
Bxc6 bxc6 22. Rad1 Kg7 23. Rd2 Be6 24. Re4 Bxa2 25. Ra4 Bd5 26. Rxa7 Ra8 27.
Rxc7+ Kg6 28. Kf1 Ra1+ 29. Ke2 Rh1 30. h4 Bc4+ 31. Kf3 Bd5+ 32. Ke2 Bc4+ 33. Kf3
Bd5+ 34. Ke2 Bc4+ 1/2-1/2

[Event "Botvinnik 100th Open"]
[Site "St Petersburg RUS"]
[Date "2011.08.17"]
[Round "6"]
[White "Abramichev, Artyom"]
[Black "Bivol, Alina"]
[Result "0-1"]
[BlackTitle "WFM"]
[WhiteElo "2029"]
[BlackElo "2171"]
[WhiteFideId "4135520"]
[BlackFideId "4100123"]
[EventDate "2011.08.12"]

1. d4 e6 2. Nf3 c5 3. c3 Nf6 4. Bf4 Nc6 5. Nbd2 cxd4 6. cxd4 Nd5 7. Bg3 Qb6 8.
e4 Nf6 9. d5 exd5 10. exd5 Nxd5 11. Bc4 Nf6 12. O-O d5 13. Bb3 Be7 14. Qe2 O-O
15. Rfd1 Bg4 16. h3 Bh5 17. Nf1 Rad8 18. Ne3 Bc5 19. Nxd5 Nxd5 20. Rxd5 Nd4 21.
Qc4 Rxd5 22. Qxd5 Bxf3 23. gxf3 Nxb3 24. Qxb3 Qxb3 25. axb3 Rd8 26. Rc1 Bb6 27.
Bf4 h6 28. Rc3 g5 29. Bc7 Rd1+ 30. Kg2 Bd4 31. Rc2 Rd3 32. b4 Rb3 33. Bd6 Rxb2
34. Rxb2 Bxb2 35. f4 Ba3 36. fxg5 hxg5 37. Be7 a5 38. Bxg5 Bxb4 39. Bf6 a4 40.
Kf3 a3 41. Ke2 Bf8 42. Kd3 Bg7 43. Bxg7 Kxg7 44. Kc3 b5 0-1

[Event "Botvinnik 100th Open"]
[Site "St Petersburg RUS"]
[Date "2011.08.17"]
[Round "6"]
[White "Tarasov, Ilya"]
[Black "Krivonos, Nikolay"]
[Result "0-1"]
[WhiteElo "2006"]
[BlackElo "2296"]
[WhiteFideId "24157945"]
[BlackFideId "4154568"]
[EventDate "2011.08.12"]

1. d4 d5 2. c4 c6 3. Nf3 Nf6 4. Nc3 Bf5 5. cxd5 Nxd5 6. g3 e6 7. Bg2 Be7 8. O-O
O-O 9. Ne1 Bg6 10. e4 Nb6 11. Be3 N8d7 12. f4 h6 13. Nf3 Nc4 14. Qe2 Nxe3 15.
Qxe3 Bf6 16. Kh1 Qb6 17. Qf2 Rad8 18. Rad1 Qa5 19. h3 Nb6 20. Ne5 Bh7 21. Qe2
Na4 22. Nxa4 Qxa4 23. b3 Qb4 24. Qc4 Qa3 25. Qe2 Qa5 26. Nc4 Qb4 27. e5 Be7 28.
Be4 Bxe4+ 29. Qxe4 b5 30. Ne3 c5 31. Nc2 Qc3 32. Qd3 cxd4 33. Nxd4 Qxd3 34. Rxd3
Rd5 35. Rfd1 Rfd8 36. Nc6 Rxd3 37. Nxe7+ Kf8 38. Rxd3 Rxd3 39. Nc6 a6 40. Nb4
Rxg3 41. Nxa6 Rf3 42. Nc7 b4 0-1

[Event "Botvinnik 100th Open"]
[Site "St Petersburg RUS"]
[Date "2011.08.17"]
[Round "6"]
[White "Bezulenko, Evgeny"]
[Black "Toivonen, Alexander V."]
[Result "0-1"]
[BlackTitle "FM"]
[WhiteElo "1928"]
[BlackElo "2292"]
[WhiteFideId "24105996"]
[BlackFideId "4107918"]
[EventDate "2011.08.12"]

1. f4 d5 2. Nf3 g6 3. d4 Bg7 4. e3 Nh6 5. Bd3 Bf5 6. Qe2 O-O 7. Nbd2 c5 8. dxc5
Nd7 9. Bxf5 Nxf5 10. g4 Nh6 11. Ng5 e5 12. O-O Nxc5 13. Nb3 Nxb3 14. axb3 Qe7
15. Qg2 Rad8 16. Nf3 exf4 17. exf4 f5 18. Re1 Qc5+ 19. Be3 d4 20. Bf2 Nxg4 21.
Ng5 Qxc2 22. Ne6 d3 23. Nxf8 Kxf8 24. Bxa7 d2 25. Red1 Bxb2 26. Rab1 Qxb1 27.
Bc5+ Kg8 28. Qe2 Qxd1+ 0-1

[Event "Botvinnik 100th Open"]
[Site "St Petersburg RUS"]
[Date "2011.08.17"]
[Round "6"]
[White "Martynenko, Alexey"]
[Black "Kazantsev, Alexandr"]
[Result "1-0"]
[WhiteElo "2015"]
[BlackElo "1958"]
[WhiteFideId "24102059"]
[BlackFideId "24181668"]
[EventDate "2011.08.12"]

1. e4 d5 2. exd5 Nf6 3. Nf3 Nxd5 4. d4 Bg4 5. Be2 e6 6. O-O Be7 7. Nbd2 O-O 8.
h3 Bh5 9. c3 Nd7 10. Ne4 h6 11. c4 N5f6 12. Nc3 c5 13. d5 exd5 14. Nxd5 Nb6 15.
Nxe7+ Qxe7 16. Qc2 Bg6 17. Bd3 Bxd3 18. Qxd3 Rad8 19. Qc2 Rd6 20. Bf4 Re6 21.
Rfe1 Re8 22. b3 Ne4 23. Re3 Qf6 24. Be5 Rxe5 25. Nxe5 Qxe5 26. Rd1 Qh5 27. Rxe4
Rxe4 28. Rd8+ Kh7 29. Qxe4+ g6 30. Qe8 1-0

[Event "Botvinnik 100th Open"]
[Site "St Petersburg RUS"]
[Date "2011.08.17"]
[Round "6"]
[White "Nikolaev, Leonid"]
[Black "Dushin, Nikolay"]
[Result "1/2-1/2"]
[WhiteTitle "FM"]
[WhiteElo "2342"]
[BlackElo "2010"]
[WhiteFideId "14103249"]
[BlackFideId "4114612"]
[EventDate "2011.08.12"]

1. d4 e6 2. Nf3 b6 3. e4 Bb7 4. Bd3 c5 5. c3 Nf6 6. Qe2 d5 7. e5 Nfd7 8. a3 Be7
9. b4 a5 10. b5 Nf8 11. a4 Nbd7 12. h4 f6 13. exf6 Nxf6 14. Ne5 Rc8 15. O-O Bd6
16. Bg5 Rc7 17. Nd2 Qe7 18. dxc5 Bxe5 19. Qxe5 Rxc5 20. Nb3 N8d7 21. Qe3 Rc8 22.
Nd4 Nc5 23. Rfe1 Kf7 24. Ra2 e5 25. Bf5 Rce8 26. Qh3 Qd6 27. Nf3 e4 28. Nd4 g6
29. Bg4 h5 30. Be2 Bc8 1/2-1/2

[Event "Botvinnik 100th Open"]
[Site "St Petersburg RUS"]
[Date "2011.08.17"]
[Round "6"]
[White "Zheleznaykov, Peter"]
[Black "Lagashin, Pavel"]
[Result "0-1"]
[WhiteElo "1962"]
[BlackElo "2178"]
[WhiteFideId "24104620"]
[BlackFideId "24132144"]
[EventDate "2011.08.12"]

1. d4 d5 2. c4 c6 3. cxd5 cxd5 4. Nf3 Nc6 5. e3 Nf6 6. Bd3 Bg4 7. h3 Bh5 8. O-O
e6 9. Nbd2 Bd6 10. Qb3 Qb6 11. Qxb6 axb6 12. a3 Ke7 13. b3 Nb4 14. Bb1 Bg6 15.
Bb2 Bxb1 16. Rfxb1 Nc2 17. Ra2 Nb4 18. Raa1 Nd3 19. Bc1 Rhc8 20. Kf1 Nxc1 21.
Rxc1 Rxc1+ 22. Rxc1 Rxa3 23. Rc2 Nd7 24. Ke2 f6 25. Rc8 Nf8 26. Ne1 Kd7 27. Rc2
Bb4 28. Rb2 Bc3 29. Rb1 Ra2 30. Nf3 b5 31. Rd1 Ng6 32. Ne1 e5 33. Nd3 exd4 34.
exd4 Bxd4 35. Nb4 Ra1 36. Rxa1 Bxa1 37. Nxd5 Kc6 38. Ne3 Nf4+ 39. Kf3 Nd3 40.
Ke2 Nc5 41. Nd1 b4 42. Ne3 Bc3 43. Nef1 f5 44. g3 g5 45. Ke3 Kd5 46. f3 Ne6 47.
Kd3 f4 48. Ne4 fxg3 49. Nfxg3 Nf4+ 50. Kc2 Nxh3 51. Nxc3+ bxc3 52. Kxc3 Ng1 53.
Ne4 h6 54. Nd2 Ke5 55. b4 Kf4 56. Nc4 h5 57. Nd6 h4 58. Nxb7 h3 59. Nc5 h2 60.
Nd3+ Ke3 0-1

[Event "Botvinnik 100th Open"]
[Site "St Petersburg RUS"]
[Date "2011.08.17"]
[Round "6"]
[White "Boychuk, Evgeny"]
[Black "Abuladze, Lana"]
[Result "0-1"]
[BlackTitle "WFM"]
[WhiteElo "1889"]
[BlackElo "2048"]
[WhiteFideId "24155624"]
[BlackFideId "24111210"]
[EventDate "2011.08.12"]

1. e4 e5 2. Nc3 Bc5 3. Nf3 Nc6 4. Bc4 Nf6 5. O-O d6 6. h3 Be6 7. Bb3 h6 8. d3
Ne7 9. Na4 Bb6 10. Nxb6 axb6 11. Be3 Qd7 12. Nh2 d5 13. exd5 Nexd5 14. Qe2 O-O
15. Rae1 Rae8 16. Nf3 Nf4 17. Bxf4 exf4 18. Bxe6 Rxe6 19. Qd2 Rxe1 20. Rxe1 Qd6
21. Nh4 Nd5 22. Qe2 Qf6 23. Qe5 Qxe5 24. Rxe5 Nb4 25. Re4 c5 26. Re7 Rb8 27. Nf5
Nxc2 28. a3 b5 29. Nd6 b6 30. Nxb5 Rd8 31. Re2 Na1 32. Rd2 Nb3 33. Rd1 Na5 34.
b4 cxb4 35. axb4 Nc6 36. Nc7 Nxb4 37. Rb1 Nxd3 38. Rxb6 Nc1 39. Rb1 Ne2+ 40. Kf1
f3 41. Re1 Nf4 42. gxf3 Nxh3 43. Re8+ Rxe8 44. Nxe8 Kf8 45. Nd6 Ke7 46. Nc4 Nf4
47. Kg1 Ke6 48. Kh2 g5 49. Ne3 h5 50. Nf1 h4 51. Ne3 f5 52. Nc4 Nd3 53. Kg2 Ne1+
54. Kh3 Nxf3 0-1

[Event "Botvinnik 100th Open"]
[Site "St Petersburg RUS"]
[Date "2011.08.17"]
[Round "6"]
[White "Emdin, Mark"]
[Black "Novoselov, Igor"]
[Result "1-0"]
[WhiteElo "2068"]
[BlackElo "1964"]
[WhiteFideId "4100050"]
[BlackFideId "24193950"]
[EventDate "2011.08.12"]

1. e4 Nc6 2. Nf3 g6 3. d4 Bg7 4. c3 d6 5. Bb5 Bd7 6. O-O Nf6 7. Qe2 O-O 8. Bg5
a6 9. Bc4 e5 10. h3 Qe7 11. Re1 Rfe8 12. Bd3 Qf8 13. d5 Nb8 14. Nbd2 c6 15. dxc6
Nxc6 16. Bc2 Rad8 17. Rad1 Bc8 18. Nc4 b5 19. Nb6 h6 20. Bxf6 Bxf6 21. a4 b4 22.
Nd5 Bg7 23. cxb4 Nd4 24. Nxd4 exd4 25. b5 axb5 26. Qxb5 Be6 27. Nb6 Qe7 28. a5
Be5 29. Qd3 Qa7 30. b4 Re7 31. Bb3 Bc8 32. Nd5 Ree8 33. Ba4 Rf8 34. Nb6 Be6 35.
Bb3 Bc8 36. Bc4 Bb7 37. Ra1 Kg7 38. b5 f5 39. Bd5 Bc8 40. Nc4 fxe4 41. Bxe4 Bf6
42. b6 Qf7 43. Nd2 d5 44. Bf3 Bf5 45. Qb5 d3 46. Rac1 Rd7 47. a6 Bg5 48. Red1
Bf4 49. a7 Re8 50. Qa4 Bxd2 51. Rxd2 Ra8 52. Qc6 Rdd8 53. Bxd5 Qxd5 54. Qxd5
Rxd5 55. b7 Rdd8 56. bxa8=Q Rxa8 57. Rc7+ Kf6 58. Rb2 Ke6 59. Kf1 Kd6 60. Rg7
Kc5 61. Rb8 d2 62. Ke2 Be4 63. Rxa8 Bxa8 64. Rg8 Bxg2 65. a8=Q 1-0

[Event "Botvinnik 100th Open"]
[Site "St Petersburg RUS"]
[Date "2011.08.17"]
[Round "6"]
[White "Saduakassova, Dinara"]
[Black "Zakharov, Yuri"]
[Result "1-0"]
[WhiteTitle "WFM"]
[WhiteElo "2244"]
[BlackElo "1878"]
[WhiteFideId "13700090"]
[BlackFideId "4166620"]
[EventDate "2011.08.12"]

1. e4 e5 2. Nf3 Nc6 3. Bc4 Nf6 4. d3 Bc5 5. c3 d5 6. exd5 Nxd5 7. Qb3 Nf6 8.
Bxf7+ Kf8 9. Bc4 Qd6 10. Nbd2 a6 11. Qc2 Bf5 12. Ne4 Nxe4 13. dxe4 Bg4 14. Be2
h6 15. Bd2 Kg8 16. h3 Be6 17. Rd1 Qe7 18. b3 Kh7 19. Qc1 Ba3 20. Qc2 Bc5 21. O-O
Rhf8 22. Qc1 Ba3 23. Qc2 Bc5 24. Bc1 Rf7 25. Rd3 Raf8 26. Be3 Bd6 27. Nh2 Kh8
28. Bh5 Rf6 29. Ng4 Bxg4 30. Bxg4 Nd8 31. Qe2 Kg8 32. b4 Ne6 33. Bxe6+ Rxe6 34.
a3 Rg6 35. Bc1 b5 36. Be3 Qh4 37. Bc1 Kh7 38. Rf3 Qh5 39. Re3 Qh4 40. Kh2 Qd8
41. Rf3 Rxf3 42. Qxf3 Rf6 43. Qd3 Kh8 44. Be3 Qe8 45. c4 bxc4 46. Qxc4 Qa4 47.
Qc3 Qb5 48. Rd1 Qb7 49. Qc4 Qa8 50. Rd5 Qb7 51. Kg1 Rg6 52. Ra5 Kh7 53. Rxa6 Qc8
54. Kh2 Rf6 55. Rc6 Qf8 56. Qc2 Kh8 57. Rc4 Qa8 58. a4 Qf8 59. b5 1-0

[Event "Botvinnik 100th Open"]
[Site "St Petersburg RUS"]
[Date "2011.08.17"]
[Round "6"]
[White "Petrova, Irina"]
[Black "Filin, Evgeny"]
[Result "1-0"]
[WhiteTitle "WFM"]
[WhiteElo "2125"]
[BlackElo "1705"]
[WhiteFideId "14124122"]
[BlackFideId "24184764"]
[EventDate "2011.08.12"]

1. d4 Nf6 2. c4 g6 3. g3 Bg7 4. Bg2 O-O 5. Nc3 d6 6. Nf3 Nc6 7. O-O e5 8. d5 Ne7
9. e4 Bg4 10. h3 Bh5 11. g4 Nxg4 12. hxg4 Bxg4 13. Qd3 Qd7 14. Nh2 Bh5 15. Qh3
Qxh3 16. Bxh3 f5 17. Bg5 Rae8 18. Rac1 Bf6 19. Bxf6 Rxf6 20. f3 Kg7 21. Nb5 c6
22. Nc7 Rc8 23. Ne6+ Kh6 24. f4 Be2 25. fxe5 dxe5 26. Rfe1 cxd5 27. cxd5 Rxc1
28. Rxc1 fxe4 29. d6 Nc6 30. Rxc6 bxc6 31. d7 Bc4 32. d8=Q 1-0